000 00381nam a2200157Ia 4500
003 Ost
005 20260225132549.0
008 260225s9999||||xx |||||||||||||| ||und||
040 _cfsic
041 _afre
082 _a440
100 _aAbdelhak lamiri
_eAuteur
245 0 _aGerer l'entreprise Algerienne en economie de marche /
245 0 _cAbdelhak lamiri
942 _cكتاب
999 _c34050
_d34050